Proyecto para código de construcción
Zapisane w:
| 1. autor: | |
|---|---|
| Format: | Nieznany |
| Wydane: |
[San José, Costa Rica]
1968
|
| Hasła przedmiotowe: | |
| Etykiety: |
Dodaj etykietę
Nie ma etykietki, Dołącz pierwszą etykiete!
|
MARC
| LEADER | 00000 a2200000 4500 | ||
|---|---|---|---|
| 003 | 011266 | ||
| 005 | 20221231143813.0 | ||
| 008 | 140114s1968 c a m 000 ||s d | ||
| 040 | |c cru CEDI | ||
| 090 | |a TFG 323 | ||
| 100 | |a Mata Blanco, Alex |9 17759 | ||
| 245 | |a Proyecto para código de construcción | ||
| 260 | |c 1968 |a [San José, Costa Rica] | ||
| 300 | |a 226 hojas : cuadros, diagramas | ||
| 500 | |a Tesis (Ingeniero civil) Universidad de Costa Rica. | ||
| 650 | |x CONSTRUCCION - LEGISLACION - COSTA RICA |9 15987 | ||
| 942 | |c TFG | ||
| 999 | |c 12224 |d 12224 | ||
